Brazil Country Quiz - Statistics

General Stats
  • This quiz has been taken 101,949 times
    80,132 since last reset
  • The average score is 15 of 21
Answer Stats
Hint Answer % Correct
Capital city Brasília
98%
Official language Portuguese
98%
Most populous cities Rio de Janeiro
98%
The only South American countries that Brazil doesn't border Chile
95%
Longest river Amazon
94%
The only South American countries that Brazil doesn't border Ecuador
90%
Most populous cities São Paulo
89%
Most famous statue Christ the {Redeemer}
79%
Brazil is the #1 producer of this bean Coffee (or soy)
73%
All-time leading men's World Cup goalscorers Pelé
73%
Celebration held for five days before Ash Wednesday Carnival
70%
All-time leading men's World Cup goalscorers Ronaldo
62%
Genre of music played at the above Samba
58%
What was outlawed in 1888 Slavery
56%
Term for a Brazilian shanty town Favela
55%
Most famous beaches Copacabana
54%
President elected in 2022 Lula da Silva
54%
Currency Real
49%
Slogan on the flag {Ordem} e Progresso
46%
Waterfalls on the Argentina border {Iguazu} Falls
40%
Most famous beaches Ipanema
40%
No matching quizzes found
Score Distribution
Percent of People with Each Score
Percentile by Number Answered
Your Score History
You have not taken this quiz since the last reset